| 000 | 00533nam a22001937a 4500 | ||
|---|---|---|---|
| 003 | MPLRDC | ||
| 005 | 20220104154547.0 | ||
| 008 | 210129b ||||| |||| 00| 0 eng d | ||
| 020 | _a957-98547-8-5 | ||
| 082 | _a947.41 DILB v.1 | ||
| 100 | _aSCOTT ADAMS | ||
| 245 |
_a窃取公司资源, 创造优质生活 _c王悦燕译 |
||
| 250 | _a初版 | ||
| 260 |
_a台湾 _b经典传讯文化股份有限公司 _c1998 |
||
| 300 | _b107 | ||
| 490 | _aDILBERT 呆伯特企管漫画. 1 | ||
| 650 | _a漫画 | ||
| 942 |
_cBK _o947.41 DILB v.1 |
||
| 999 |
_c54048 _d54038 |
||